[Event "ThEM 2004"]
[Site "Bad Frankenhausen"]
[Date "2004.04.09"]
[Round "5"]
[White "Schorch, Rüdiger"]
[Black "Schmidt, Matthias"]
[Result "1-0"]
[WhiteElo "1901"]
[BlackElo "2096"]
[PlyCount "80"]
[EventDate "2004.??.??"]
[EventRounds "9"]
[EventCountry "GER"]

{95MB, K0F2J9} 1. c4 Nf6 2. Nc3 g6 3. e4 d6 4. d4 c6 5. Nf3 Bg7 6. Be2 Qc7 7.
h3 Nbd7 8. Be3 e5 9. O-O O-O 10. Qc2 a6 11. Rac1 Re8 12. dxe5 dxe5 13. Rfd1 Bf8
14. a3 Bc5 15. Bg5 Be7 16. b4 Nf8 17. Be3 Be6 18. Na4 Rad8 19. Re1 N6d7 20. c5
Kg7 21. Nb2 f6 22. Nc4 Nb8 23. Bd2 Bf7 24. Bc3 Kg8 25. Qb2 Nbd7 26. g4 g5 27.
Ne3 Be6 28. Nf5 Ng6 29. Bd2 Nf4 30. Bf1 Nf8 31. Bxf4 gxf4 32. Qc2 Ng6 33. Bc4
Qc8 34. Red1 Rxd1+ 35. Rxd1 Bf8 36. g5 Kf7 37. gxf6 Kxf6 38. Nd6 Bxd6 39. Rxd6
Nf8 40. Nxe5 Kg7 1-0

[Event "ThEM 2004"]
[Site "Bad Frankenhausen"]
[Date "2004.04.08"]
[Round "5"]
[White "Seidel, Thomas"]
[Black "Siegl, Detlef"]
[Result "1-0"]
[WhiteElo "2052"]
[BlackElo "2013"]
[PlyCount "33"]
[EventDate "2004.??.??"]
[EventRounds "9"]
[EventCountry "GER"]

1. e4 c5 2. Nf3 Nc6 3. Nc3 d6 4. d4 cxd4 5. Nxd4 Nf6 6. Be2 g6 7. Be3 Bg7 8.
Qd2 Nxd4 9. Bxd4 O-O 10. O-O Bd7 11. Rfd1 Qc7 12. Bxf6 Bxf6 13. Nd5 Qc6 14.
Nxf6+ exf6 15. Qxd6 Qxc2 16. Rd2 Qxe4 17. Bf3 1-0

[Event "ThEM 2004"]
[Site "Bad Frankenhausen"]
[Date "2004.04.09"]
[Round "5"]
[White "Siebarth, Raiko"]
[Black "Sieber, Stephan"]
[Result "1-0"]
[WhiteElo "2123"]
[BlackElo "2210"]
[PlyCount "87"]
[EventDate "2004.??.??"]
[EventRounds "9"]
[EventCountry "GER"]

{95MB, K0F2J9} 1. e4 c5 2. Nf3 d6 3. d4 cxd4 4. Nxd4 Nf6 5. Nc3 a6 6. f3 b5 7.
Be3 Bb7 8. Qd2 Nbd7 9. Be2 e6 10. O-O d5 11. exd5 Nxd5 12. Nxd5 Bxd5 13. Rad1
Qc7 14. Kh1 Be7 15. Nf5 Bf6 16. c4 bxc4 17. Bxc4 Bxc4 18. Nd6+ Kf8 19. Nxc4
Qxc4 20. Qxd7 Rd8 21. Qa7 Rxd1 22. Rxd1 g5 23. Rc1 Qd3 24. Rc8+ Kg7 25. Rxh8
Kxh8 26. Qxf7 Qd8 27. Qxe6 a5 28. Qb3 Kg7 29. g3 Qc8 30. Qd5 g4 31. Qh5 Bxb2
32. Qxg4+ Qxg4 33. fxg4 a4 34. Kg2 Kf6 35. Kf3 Ke5 36. g5 Kd5 37. Kg4 Ke4 38.
Bc5 Bg7 39. Kh5 Kd3 40. g4 Kc3 41. g6 hxg6+ 42. Kxg6 Be5 43. h4 Kb2 44. a3 1-0

[Event "ThEM 2004"]
[Site "Bad Frankenhausen"]
[Date "2004.04.09"]
[Round "5"]
[White "Steinmetzer, Peter"]
[Black "Hermann, Ingo"]
[Result "0-1"]
[WhiteElo "2078"]
[BlackElo "1998"]
[PlyCount "72"]
[EventDate "2004.??.??"]
[EventRounds "9"]
[EventCountry "GER"]

{95MB, K0F2J9} 1. e4 e6 2. d4 d5 3. Nc3 Nf6 4. Bg5 dxe4 5. Nxe4 Nbd7 6. Nf3 Be7
7. Bxf6 Nxf6 8. Bd3 c5 9. dxc5 Bxc5 10. Nxf6+ gxf6 11. Qe2 Bd7 12. O-O Qc7 13.
Rad1 O-O-O 14. a3 Rdg8 15. g3 Bc6 16. Kg2 h5 17. Be4 f5 18. Bxc6 Qxc6 19. Rd3
Kb8 20. Rfd1 Ka8 21. Qe5 Bb6 22. Rc3 Qe4 23. Qxe4 fxe4 24. Ne5 f5 25. Nd7 h4
26. Nxb6+ axb6 27. Rd7 hxg3 28. hxg3 f4 29. Kf1 f3 30. Ke1 Rh1+ 31. Kd2 Rf1 32.
Ke3 Re1+ 33. Kf4 Rf8+ 34. Ke5 e3 35. fxe3 f2 36. Kxe6 f1=Q 0-1

[Event "ThEM 2004"]
[Site "Bad Frankenhausen"]
[Date "2004.04.08"]
[Round "5"]
[White "Stridde, Peter"]
[Black "Moeller, Axel"]
[Result "1/2-1/2"]
[WhiteElo "2074"]
[BlackElo "2010"]
[PlyCount "43"]
[EventDate "2004.??.??"]
[EventRounds "9"]
[EventCountry "GER"]

1. Nc3 Nf6 2. e4 e5 3. Nf3 Nc6 4. Nxe5 Nxe5 5. d4 Bb4 6. dxe5 Nxe4 7. Qd4 Bxc3+
8. bxc3 d5 9. exd6 O-O 10. Be3 Nxd6 11. Bd3 Bf5 12. O-O Qe8 13. Rfe1 Qc6 14. c4
Bg6 15. c5 Nf5 16. Bxf5 Bxf5 17. Qc3 Qg6 18. Bf4 Bxc2 19. Bxc7 Rac8 20. Re7 Be4
21. f3 Bf5 22. Qe5 1/2-1/2

[Event "ThEM 2004"]
[Site "Bad Frankenhausen"]
[Date "2004.04.09"]
[Round "6"]
[White "Aepfler, Christian"]
[Black "Siebarth, Raiko"]
[Result "0-1"]
[WhiteElo "2271"]
[BlackElo "2123"]
[PlyCount "91"]
[EventDate "2004.??.??"]
[EventRounds "9"]
[EventCountry "GER"]

1. e4 c5 2. c3 Nf6 3. e5 Nd5 4. d4 cxd4 5. cxd4 e6 6. Nf3 b6 7. Nc3 Bb7 8. Bd3
Nxc3 9. bxc3 Qc7 10. Bd2 d6 11. O-O Nc6 12. exd6 Bxd6 13. Re1 O-O-O 14. Qe2 Kb8
15. a4 Rhe8 16. Bb5 Re7 17. Qd3 h6 18. Ba6 Bxa6 19. Qxa6 Na5 20. Rab1 Ka8 21.
Qe2 Qc4 22. Qe4+ Qd5 23. Qh4 Nc4 24. Rb5 Qb7 25. Bc1 f6 26. Qg4 e5 27. d5 a6
28. Qxc4 axb5 29. axb5 Rc8 30. Qb3 Rec7 31. Ba3 Bxa3 32. Qxa3+ Qa7 33. Qb2 Rxc3
34. Ra1 Kb8 35. Rd1 Qa3 36. Qxa3 Rxa3 37. Nh4 Rd8 38. g3 e4 39. Nf5 Rd3 40. Re1
R8xd5 41. Nxg7 Rd1 42. Rxd1 Rxd1+ 43. Kg2 Rd5 44. h4 Rxb5 45. g4 Re5 46. Nf5
0-1

[Event "ThEM 2004"]
[Site "Bad Frankenhausen"]
[Date "2004.04.09"]
[Round "6"]
[White "Buring, Matthias"]
[Black "Stridde, Peter"]
[Result "1-0"]
[WhiteElo "2121"]
[BlackElo "2074"]
[PlyCount "89"]
[EventDate "2004.??.??"]
[EventRounds "9"]
[EventCountry "GER"]

{92MB, Fritz7.ctg, ILCORON} 1. e4 Nc6 2. d4 e5 3. Nf3 exd4 4. Bc4 Bc5 5. O-O d6
6. b4 Bb6 7. c3 d3 8. Qb3 Qe7 9. a4 a6 10. Bxd3 Be6 11. c4 Nd4 12. Nxd4 Bxd4
13. Nc3 Qf6 14. Bd2 Ne7 15. Rae1 O-O 16. Ne2 b5 17. Qc2 bxc4 18. Bxc4 c5 19. b5
axb5 20. Bxb5 c4 21. Nxd4 Qxd4 22. Rd1 Qc5 23. Be3 Qb4 24. Qd2 Qxd2 25. Rxd2
Nc8 26. Bc6 Rb8 27. a5 Ne7 28. Rxd6 Nxc6 29. Rxc6 Rfc8 30. Rxc8+ Bxc8 31. f3
Ba6 32. Bb6 f6 33. Kf2 Kf7 34. Ke3 Ke6 35. Rd1 Rb7 36. f4 g6 37. g4 f5 38.
gxf5+ gxf5 39. e5 Rd7 40. Rxd7 Kxd7 41. Kd4 Kc6 42. Bd8 Kd7 43. Bh4 h6 44. Be1
Kc6 45. Bc3 1-0

[Event "ThEM 2004"]
[Site "Bad Frankenhausen"]
[Date "2004.04.10"]
[Round "6"]
[White "Enders, Peter"]
[Black "Kraemer, Martin"]
[Result "1/2-1/2"]
[WhiteElo "2470"]
[BlackElo "2243"]
[PlyCount "67"]
[EventDate "2004.??.??"]
[EventRounds "9"]
[EventCountry "GER"]

1. e4 c5 2. Nf3 Nc6 3. d4 cxd4 4. Nxd4 Nf6 5. Nc3 d6 6. Bc4 e6 7. Be3 Be7 8.
Qe2 a6 9. O-O-O O-O 10. Rhg1 Nd7 11. g4 Nxd4 12. Bxd4 b5 13. Bb3 b4 14. Na4 Bb7
15. Qe1 Qa5 16. a3 Qg5+ 17. Be3 Qb5 18. axb4 Bxe4 19. Nc3 Qb7 20. Bf4 Bf3 21.
Bxd6 Bg5+ 22. Kb1 Bxd1 23. Bxf8 Bxc2+ 24. Bxc2 Rxf8 25. Qe4 Qxe4 26. Bxe4 Rb8
27. Bd3 Rxb4 28. Bxa6 Nc5 29. Be2 Bf6 30. Kc2 g5 31. Ra1 Nb3 32. Ra4 Rb8 33.
Nb5 Rxb5 34. Bxb5 1/2-1/2

[Event "ThEM 2004"]
[Site "Bad Frankenhausen"]
[Date "2004.04.10"]
[Round "6"]
[White "Goemann, Jens"]
[Black "Schorch, Rüdiger"]
[Result "1-0"]
[WhiteElo "2198"]
[BlackElo "1901"]
[PlyCount "43"]
[EventDate "2004.??.??"]
[EventRounds "9"]
[EventCountry "GER"]

1. c4 c5 2. g3 Nc6 3. Bg2 g6 4. Nc3 Bg7 5. Nf3 e6 6. a3 Nge7 7. O-O O-O 8. d3
d5 9. cxd5 Nxd5 10. Ne4 Qb6 11. Rb1 Nd4 12. Nfd2 Bd7 13. e3 Nf5 14. Qc2 Rac8
15. Nc4 Qd8 16. Bd2 b6 17. Rfe1 Bc6 18. b4 cxb4 19. axb4 b5 20. Na5 Nxb4 21.
Bxb4 Bxe4 22. Qxc8 1-0

[Event "ThEM 2004"]
[Site "Bad Frankenhausen"]
[Date "2004.04.10"]
[Round "6"]
[White "Grube, Peter"]
[Black "Toepfer, Roland"]
[Result "0-1"]
[WhiteElo "1507"]
[BlackElo "1618"]
[PlyCount "116"]
[EventDate "2004.??.??"]
[EventRounds "9"]
[EventCountry "GER"]

{95MB, K0F2J9} 1. e4 c5 2. Nf3 d6 3. d4 cxd4 4. Qxd4 Nc6 5. Bb5 Bd7 6. Bxc6
Bxc6 7. Nc3 Nf6 8. Bg5 e5 9. Qd3 Be7 10. O-O-O Qc7 11. Bxf6 gxf6 12. Nd5 Bxd5
13. Qxd5 Rc8 14. Qd3 Rg8 15. g3 Qc4 16. Qxc4 Rxc4 17. Nd2 Rc6 18. f3 Kd7 19.
Nb3 Rgc8 20. c3 b6 21. Rd3 Ke6 22. Rhd1 f5 23. Kc2 fxe4 24. fxe4 Rf8 25. Rf1
Rcc8 26. g4 Bg5 27. Nd2 Rfd8 28. Nf3 h6 29. h4 Bf4 30. g5 Rg8 31. Rg1 Rc4 32.
Rgd1 Rc6 33. Rg1 hxg5 34. Nxg5+ Ke7 35. b3 f6 36. Nh3 Rxg1 37. Nxg1 Ke6 38. Nh3
Rc7 39. Rf3 Bh6 40. Rg3 Rg7 41. Rxg7 Bxg7 42. Kd3 Bh6 43. a4 d5 44. exd5+ Kxd5
45. c4+ Ke6 46. Nf2 f5 47. b4 Bf8 48. b5 e4+ 49. Ke2 Ke5 50. Nh3 Kd4 51. Nf4
Be7 52. h5 Kxc4 53. Ne6 Kd5 54. Nf4+ Ke5 55. Ng6+ Kf6 56. Ke3 Bd6 57. Nh8 Kg7
58. Ng6 Kh6 0-1

[Event "ThEM 2004"]
[Site "Bad Frankenhausen"]
[Date "2004.04.10"]
[Round "6"]
[White "Hermann, Ingo"]
[Black "Schneider, Christian"]
[Result "1/2-1/2"]
[WhiteElo "1998"]
[BlackElo "1783"]
[PlyCount "21"]
[EventDate "2004.??.??"]
[EventRounds "9"]
[EventCountry "GER"]

{95MB, K0F2J9} 1. e4 c6 2. d4 d5 3. exd5 cxd5 4. Bd3 Nc6 5. c3 Nf6 6. Bf4 e6 7.
Nf3 Bd6 8. Bxd6 Qxd6 9. O-O O-O 10. Re1 Qf4 11. Qd2 1/2-1/2

[Event "ThEM 2004"]
[Site "Bad Frankenhausen"]
[Date "2004.04.09"]
[Round "6"]
[White "Liebisch, Dieter"]
[Black "Gulich, Christian"]
[Result "0-1"]
[WhiteElo "1916"]
[BlackElo "2104"]
[PlyCount "90"]
[EventDate "2004.??.??"]
[EventRounds "9"]
[EventCountry "GER"]

1. d4 d5 2. e3 Nf6 3. Bd3 e6 4. f4 c5 5. c3 Nc6 6. Nd2 Be7 7. Qe2 a6 8. a4 c4
9. Bc2 Qa5 10. Ngf3 b5 11. Ne5 Bb7 12. e4 Nxe4 13. Nxe4 Nxd4 14. Qf2 Nxc2+ 15.
Qxc2 dxe4 16. Be3 Qc7 17. Qf2 O-O 18. O-O Bd5 19. Bd4 Qb7 20. Rfe1 a5 21. axb5
Qxb5 22. Rad1 f6 23. Ng4 f5 24. Ne5 a4 25. Re3 a3 26. bxa3 Rxa3 27. h4 Rfa8 28.
Ree1 Ra2 29. Qg3 Bc5 30. Nc6 Bxd4+ 31. Nxd4 Qb7 32. Qg5 Rb2 33. Re3 Raa2 34.
Rg3 e3 35. Nf3 Qc7 36. Re1 e2 37. Nd4 Rd2 38. Kf2 Rd1 39. h5 Raa1 40. Rxe2 Rh1
41. h6 g6 42. Rge3 Raf1+ 43. Kg3 Rh5 44. Re5 Rxg5+ 45. fxg5 Qe7 0-1

[Event "ThEM 2004"]
[Site "Bad Frankenhausen"]
[Date "2004.04.10"]
[Round "6"]
[White "Moeller, Axel"]
[Black "Kirste, Olaf"]
[Result "0-1"]
[WhiteElo "2010"]
[BlackElo "2066"]
[PlyCount "50"]
[EventDate "2004.??.??"]
[EventRounds "9"]
[EventCountry "GER"]

{95MB, K0F2J9} 1. e4 c5 2. Nf3 d6 3. d4 cxd4 4. Nxd4 Nf6 5. Nc3 a6 6. Be2 e6 7.
O-O Be7 8. Be3 O-O 9. f4 Qc7 10. g3 Nc6 11. Nb3 b5 12. Bf3 Bb7 13. Qe2 Rfe8 14.
Qf2 Nd7 15. Rad1 Rac8 16. f5 Nce5 17. Nd4 Bf6 18. fxe6 fxe6 19. Qg2 Re7 20. Kh1
Kh8 21. Nde2 Nc4 22. Bc1 Be5 23. Qh3 Nf6 24. Nf4 Kg8 25. Nd3 Bd4 0-1

[Event "ThEM 2004"]
[Site "Bad Frankenhausen"]
[Date "2004.04.09"]
[Round "6"]
[White "Schmidt, Matthias"]
[Black "Hannes, Diana"]
[Result "1-0"]
[WhiteElo "2096"]
[BlackElo "1539"]
[PlyCount "45"]
[EventDate "2004.??.??"]
[EventRounds "9"]
[EventCountry "GER"]

1. e4 c5 2. b3 Nc6 3. Bb2 d6 4. f4 e6 5. Nf3 Nge7 6. Be2 d5 7. d3 Ng6 8. g3 f6
9. O-O d4 10. c3 e5 11. fxe5 fxe5 12. Ne1 Be6 13. Bg4 Bf7 14. Qf3 Qc7 15. h4
Nd8 16. h5 Ne7 17. c4 Nc8 18. Ng2 Be7 19. Nd2 Nd6 20. Qe2 Ne6 21. Nf3 O-O-O 22.
Nxe5 Bg8 23. Nf3 1-0

[Event "ThEM 2004"]
[Site "Bad Frankenhausen"]
[Date "2004.04.09"]
[Round "6"]
[White "Seidens, Gunter"]
[Black "Seidel, Thomas"]
[Result "1-0"]
[WhiteElo "2050"]
[BlackElo "2052"]
[PlyCount "149"]
[EventDate "2004.??.??"]
[EventRounds "9"]
[EventCountry "GER"]

1. d4 e6 2. c4 f5 3. Nf3 Nf6 4. g3 Be7 5. Bg2 d5 6. Nbd2 O-O 7. O-O c6 8. Ne5
Nbd7 9. Nd3 Ne4 10. Qc2 Nxd2 11. Bxd2 Nf6 12. Rae1 Ne4 13. Bc1 Bf6 14. e3 Nd6
15. b3 Re8 16. Bb2 Nf7 17. Re2 Bd7 18. Rc1 Rc8 19. Qd2 b6 20. Qd1 Nd6 21. Rec2
dxc4 22. bxc4 Nf7 23. Rd2 Qc7 24. e4 fxe4 25. Bxe4 Nd6 26. Bg2 Rcd8 27. f4 Nf5
28. Ne5 Ne3 29. Qh5 Nxg2 30. Rxg2 Bxe5 31. Qxe5 Qxe5 32. fxe5 Rf8 33. Rf2 Rxf2
34. Kxf2 Rf8+ 35. Ke3 Rc8 36. Ba3 Be8 37. Bd6 Bg6 38. Rc3 Ra8 39. Ra3 a6 40. h4
Be8 41. Ke4 Bd7 42. d5 cxd5+ 43. cxd5 h6 44. Kd4 Kf7 45. Rf3+ Kg6 46. h5+ Kxh5
47. Rf7 Bc8 48. Rxg7 exd5 49. Kxd5 Bg4 50. e6 Rc8 51. Bc7 b5 52. Kd6 Bxe6 53.
Kxe6 Re8+ 54. Kd7 Re2 55. Bd8 Rd2+ 56. Kc7 Rd4 57. Bf6 Rc4+ 58. Kb6 b4 59. g4+
Rxg4 60. Rxg4 Kxg4 61. Kxa6 Kf5 62. Be7 h5 63. Bxb4 h4 64. Be1 h3 65. Bg3 Kg4
66. Bb8 Kf3 67. a4 Kg2 68. a5 Kh1 69. Kb7 Kg1 70. a6 h2 71. Bxh2+ Kxh2 72. a7
Kg3 73. a8=Q Kf4 74. Qe8 Kf5 75. Kc6 1-0

[Event "ThEM 2004"]
[Site "Bad Frankenhausen"]
[Date "2004.04.10"]
[Round "6"]
[White "Sieber, Stephan"]
[Black "Huster, Mike"]
[Result "1-0"]
[WhiteElo "2210"]
[BlackElo "1893"]
[PlyCount "109"]
[EventDate "2004.??.??"]
[EventRounds "9"]
[EventCountry "GER"]

1. e4 d5 2. exd5 Nf6 3. Bb5+ Bd7 4. Bc4 Bg4 5. f3 Bf5 6. Nc3 c6 7. dxc6 Nxc6 8.
Nge2 e5 9. d3 Bc5 10. Bg5 h6 11. Bxf6 Qxf6 12. Ng3 Qh4 13. Qd2 Bg6 14. O-O-O
O-O 15. Nge4 Bb4 16. Qf2 Qd8 17. Nd5 Ba5 18. Qc5 Rc8 19. Qd6 Qh4 20. g3 Qd8 21.
a3 Kh8 22. Qxd8 Bxd8 23. Nd6 Rb8 24. h4 Nd4 25. h5 Bh7 26. Nc3 Bg8 27. Rhf1 a6
28. Rde1 b5 29. Bd5 Bg5+ 30. f4 exf4 31. gxf4 Bh4 32. Re4 Bf6 33. Rfe1 Bh4 34.
R1e3 Bf2 35. Rh3 Rbd8 36. Nb7 Rde8 37. Nd1 Bg1 38. Rh1 f5 39. Rxe8 Rxe8 40.
Bxg8 Kxg8 41. c3 Re1 42. cxd4 Be3+ 43. Kc2 Rxh1 44. Nxe3 Rxh5 45. d5 Kf7 46. d6
Ke6 47. Nd5 g5 48. Nb6 Rh2+ 49. Kc3 gxf4 50. d7 f3 51. d8=Q f2 52. Qd6+ Kf7 53.
Nd8+ Kg7 54. Qg3+ Kf6 55. Nd5# 1-0

[Event "ThEM 2004"]
[Site "Bad Frankenhausen"]
[Date "2004.04.10"]
[Round "6"]
[White "Siegl, Detlef"]
[Black "Jaesche, Thomas"]
[Result "1-0"]
[WhiteElo "2013"]
[BlackElo "1793"]
[PlyCount "52"]
[EventDate "2004.??.??"]
[EventRounds "9"]
[EventCountry "GER"]

1. e4 e5 2. Nf3 Nc6 3. Bc4 Be7 4. d4 Bf6 5. dxe5 Nxe5 6. Nxe5 Bxe5 7. O-O c6 8.
Nc3 Bxc3 9. bxc3 Ne7 10. e5 Ng6 11. Ba3 Nf8 12. Qg4 g6 13. Qf4 Ne6 14. Bxe6
fxe6 15. Qh6 Kf7 16. Rfe1 b6 17. Bd6 c5 18. Re4 g5 19. Rg4 Rg8 20. Qxh7+ Rg7
21. Qh5+ Kg8 22. Rf1 Ba6 23. c4 b5 24. f4 gxf4 25. Rfxf4 Qe8 26. Rxg7+ Kxg7 1-0

[Event "ThEM 2004"]
[Site "Bad Frankenhausen"]
[Date "2004.04.09"]
[Round "6"]
[White "Steinmetzer, Peter"]
[Black "Klaus, Christian"]
[Result "0-1"]
[WhiteElo "2078"]
[BlackElo "2061"]
[PlyCount "58"]
[EventDate "2004.??.??"]
[EventRounds "9"]
[EventCountry "GER"]

1. e4 d6 2. d4 Nf6 3. Nc3 c6 4. Bd3 e5 5. d5 Nbd7 6. Bg5 Be7 7. Bxf6 Nxf6 8.
Qe2 O-O 9. O-O-O a6 10. Kb1 c5 11. Ka1 b5 12. Qe1 Qc7 13. Nb1 c4 14. Bf1 a5 15.
g3 b4 16. c3 Rb8 17. f3 Ba6 18. h4 Rb6 19. g4 Rfb8 20. Rh2 Nd7 21. Rc1 Nc5 22.
cxb4 axb4 23. Nd2 Qa7 24. Qd1 c3 25. Nc4 b3 26. a3 Bxc4 27. Bxc4 c2 28. Qf1
Qxa3+ 29. bxa3 b2+ 0-1

[Event "ThEM 2004"]
[Site "Bad Frankenhausen"]
[Date "2004.04.10"]
[Round "6"]
[White "Steinmetzer, Thomas"]
[Black "Manger, Erika"]
[Result "1-0"]
[WhiteElo "2019"]
[BlackElo "1384"]
[PlyCount "77"]
[EventDate "2004.??.??"]
[EventRounds "9"]
[EventCountry "GER"]

{95MB, K0F2J9} 1. e4 c6 2. d4 d5 3. Nc3 dxe4 4. Nxe4 Nf6 5. Ng3 g6 6. Bc4 Bg7
7. Nf3 O-O 8. h3 b5 9. Bb3 Na6 10. O-O c5 11. c3 c4 12. Bc2 Bb7 13. Re1 e6 14.
Bg5 h6 15. Bf4 Nd5 16. Qd2 Nxf4 17. Qxf4 Nc7 18. Ne5 Nd5 19. Qg4 Nf6 20. Qe2
Qc7 21. f4 Nd5 22. Rf1 b4 23. Ne4 bxc3 24. bxc3 Ne7 25. Nc5 Bd5 26. Nxc4 Bxc4
27. Qxc4 Nd5 28. Be4 Nb6 29. Qd3 Rad8 30. Bxg6 Rd6 31. Bh7+ Kh8 32. Ne4 Rd5 33.
f5 exf5 34. Bxf5 Be5 35. Qe3 Bg7 36. Nf6 Rd6 37. Bc2 Rxf6 38. Rxf6 Nd5 39.
Rxh6+ 1-0

[Event "ThEM 2004"]
[Site "Bad Frankenhausen"]
[Date "2004.04.10"]
[Round "6"]
[White "Taudte, Stefan"]
[Black "Holzschuh, Stephan"]
[Result "1-0"]
[WhiteElo "2078"]
[BlackElo "2153"]
[PlyCount "77"]
[EventDate "2004.??.??"]
[EventRounds "9"]
[EventCountry "GER"]

1. d4 Nf6 2. c4 g6 3. Nc3 Bg7 4. e4 d6 5. h3 O-O 6. Bg5 c5 7. d5 e6 8. Bd3 exd5
9. exd5 Re8+ 10. Nge2 Nbd7 11. f4 h6 12. Bh4 a6 13. a4 Nf8 14. Qc2 Rb8 15. O-O
Bd7 16. Ne4 Bf5 17. Bxf6 Bxf6 18. Nxf6+ Qxf6 19. Bxf5 Qxf5 20. Qxf5 gxf5 21.
Ng3 Kh7 22. Nxf5 Red8 23. Rf2 Kg6 24. g4 Nh7 25. Re2 Nf6 26. Rae1 Rd7 27. Re7
Rbd8 28. a5 Ng8 29. Rxd7 Rxd7 30. Re8 Nf6 31. Rh8 Nh7 32. Kf2 h5 33. Kf3 hxg4+
34. hxg4 b5 35. axb6 Rb7 36. Rd8 Rxb6 37. Rxd6+ Rxd6 38. Nxd6 Nf8 39. f5+ 1-0

[Event "ThEM 2004"]
[Site "Bad Frankenhausen"]
[Date "2004.04.10"]
[Round "7"]
[White "Buring, Matthias"]
[Black "Enders, Peter"]
[Result "1-0"]
[WhiteElo "2121"]
[BlackElo "2470"]
[PlyCount "59"]
[EventDate "2004.??.??"]
[EventRounds "9"]
[EventCountry "GER"]

1. d4 Nf6 2. c4 c5 3. d5 e6 4. Nc3 exd5 5. cxd5 d6 6. e4 g6 7. Bd3 Bg7 8. Nge2
Na6 9. O-O O-O 10. h3 Rb8 11. Bf4 Nc7 12. Qd2 Re8 13. f3 b5 14. a4 a6 15. axb5
Nxb5 16. Nxb5 axb5 17. Nc3 c4 18. Be2 Nd7 19. Kh1 Nc5 20. Qc2 f5 21. Ra7 Bd4
22. Nxb5 Be5 23. Bxe5 Rxe5 24. Nd4 Qb6 25. Nc6 Re8 26. Nxb8 Qxa7 27. Nc6 Qa4
28. Qc3 fxe4 29. Qf6 Qc2 30. fxe4 1-0

[Event "ThEM 2004"]
[Site "Bad Frankenhausen"]
[Date "2004.04.10"]
[Round "7"]
[White "Gulich, Christian"]
[Black "Sieber, Stephan"]
[Result "1/2-1/2"]
[WhiteElo "2104"]
[BlackElo "2210"]
[PlyCount "107"]
[EventDate "2004.??.??"]
[EventRounds "9"]
[EventCountry "GER"]

1. e4 c5 2. Nf3 d6 3. d4 cxd4 4. Nxd4 Nf6 5. Nc3 a6 6. Bc4 e6 7. Bb3 b5 8. O-O
Qb6 9. Be3 Qb7 10. f4 Nxe4 11. f5 Nxc3 12. bxc3 e5 13. Nf3 Be7 14. Bd5 Nc6 15.
Bg5 Qb6+ 16. Kh1 Ra7 17. Qe2 Rc7 18. a4 Bxf5 19. Be3 Qb8 20. axb5 axb5 21. Nxe5
dxe5 22. Rxf5 O-O 23. Qf3 Qe8 24. Qg3 Qd7 25. Bh6 g6 26. Bxc6 Qxf5 27. Bxf8
Bxf8 28. Bxb5 Qxc2 29. Qxe5 Rxc3 30. Rf1 Rc5 31. Qe8 Rf5 32. Rxf5 Qxf5 33. Qe2
Bd6 34. Bd3 Qf4 35. g3 Qd4 36. Kg2 Bc5 37. Qf1 h5 38. Bc4 Qe4+ 39. Kh3 Qe7 40.
Qe2 Qd7+ 41. Kg2 Bd4 42. Qe4 Kg7 43. Qd5 Qa7 44. Qf3 Bf6 45. Qe4 Qc7 46. Bd3
Be5 47. Qf3 h4 48. gxh4 Bxh2 49. h5 gxh5 50. Qh3 Qd6 51. Be2 Qd5+ 52. Kxh2 Qe5+
53. Qg3+ Qxg3+ 54. Kxg3 1/2-1/2

[Event "ThEM 2004"]
[Site "Bad Frankenhausen"]
[Date "2004.04.11"]
[Round "7"]
[White "Hannes, Diana"]
[Black "Siegl, Detlef"]
[Result "1/2-1/2"]
[WhiteElo "1539"]
[BlackElo "2013"]
[PlyCount "57"]
[EventDate "2004.??.??"]
[EventRounds "9"]
[EventCountry "GER"]

{95MB, K0F2J9} 1. e4 c5 2. Nf3 Nc6 3. d4 cxd4 4. Nxd4 e5 5. Nb5 d6 6. c4 Nf6 7.
N1c3 a6 8. Na3 Be6 9. Nc2 Rc8 10. Ne3 Nd4 11. Bd3 Be7 12. Bd2 O-O 13. O-O Qd7
14. Ne2 Nxe2+ 15. Qxe2 Ne8 16. Nd5 Bxd5 17. cxd5 Nc7 18. Rac1 Na8 19. Be3 Rxc1
20. Rxc1 Rc8 21. Qd2 Rxc1+ 22. Qxc1 Nc7 23. Qd2 Ne8 24. f4 f6 25. f5 Bd8 26.
Qb4 Qc7 27. Kf2 Kf7 28. a4 Ke7 29. Kf3 1/2-1/2

[Event "ThEM 2004"]
[Site "Bad Frankenhausen"]
[Date "2004.04.11"]
[Round "7"]
[White "Huster, Mike"]
[Black "Klaus, Christian"]
[Result "0-1"]
[WhiteElo "1891"]
[BlackElo "2061"]
[PlyCount "100"]
[EventDate "2004.??.??"]
[EventRounds "9"]
[EventCountry "GER"]

1. d4 d6 2. Nf3 Nf6 3. c4 Nbd7 4. Nc3 e5 5. e4 Be7 6. Be2 O-O 7. O-O c6 8. Re1
a6 9. a4 a5 10. h3 Qc7 11. Bf1 g6 12. Qb3 exd4 13. Nxd4 Nc5 14. Qc2 Nh5 15. Be2
Ng7 16. Bh6 Bf6 17. Rad1 Re8 18. Be3 Be6 19. Bf1 Rad8 20. f4 Bc8 21. g3 Nge6
22. Qf2 Nxd4 23. Bxd4 Bxd4 24. Rxd4 f5 25. Kh2 Qb6 26. Rdd1 Nxa4 27. Qxb6 Nxb6
28. Ra1 a4 29. Bd3 Be6 30. Nxa4 Bxc4 31. Bc2 Nxa4 32. Rxa4 Bb5 33. Rd4 fxe4 34.
Rdxe4 Kf7 35. Kg2 Bc4 36. Kf2 Rxe4 37. Rxe4 d5 38. Re3 Ra8 39. Bb1 c5 40. Kf3
b6 41. g4 d4 42. Re1 Ra5 43. Rd1 Rb5 44. Rd2 Rb3+ 45. Kg2 Re3 46. h4 Bd5+ 47.
Kh2 Be4 48. Ba2+ Ke7 49. g5 b5 50. Kg1 Rh3 0-1

[Event "ThEM 2004"]
[Site "Bad Frankenhausen"]
[Date "2004.04.11"]
[Round "7"]
[White "Kirste, Olaf"]
[Black "Seidens, Gunter"]
[Result "1/2-1/2"]
[WhiteElo "2066"]
[BlackElo "2050"]
[PlyCount "134"]
[EventDate "2004.??.??"]
[EventRounds "9"]
[EventCountry "GER"]

{95MB, K0F2J9} 1. c4 e6 2. Nc3 d5 3. cxd5 exd5 4. d4 Nf6 5. Bg5 Be7 6. e3 Nbd7
7. Bd3 O-O 8. Qc2 c6 9. Rb1 Re8 10. b4 Nf8 11. Nf3 Ne4 12. Bxe7 Qxe7 13. O-O
Ng6 14. Rfc1 Bg4 15. Bxe4 dxe4 16. Nd2 f5 17. h3 Bh5 18. Nf1 Nh4 19. Ng3 Bf7
20. a4 Kh8 21. b5 g5 22. bxc6 bxc6 23. Nce2 Bd5 24. Qc5 Qf7 25. Nc3 f4 26. Nf1
Rf8 27. Nxd5 cxd5 28. Qc7 fxe3 29. Qe5+ Qg7 30. Qxg7+ Kxg7 31. Nxe3 Rf7 32. Rc5
Raf8 33. Rb2 Ng6 34. Rxd5 h6 35. g3 Rc7 36. Rbb5 Rcf7 37. Rf5 Rc7 38. Rxf8 Kxf8
39. Ng4 h5 40. Rxg5 hxg4 41. Rxg6 gxh3 42. Re6 Rc1+ 43. Kh2 Rf1 44. Rf6+ Ke7
45. Rf4 Ke6 46. Rxe4+ Kd5 47. Rf4 Ra1 48. Rf5+ Ke4 49. Rf4+ Kd5 50. Kxh3 Rxa4
51. Rf7 a5 52. g4 Ra2 53. f3 a4 54. Kh4 Kxd4 55. Kg5 Rf2 56. Rf4+ Ke5 57. Re4+
Kd5 58. Re3 Kc4 59. f4 Kb4 60. f5 a3 61. f6 a2 62. Re1 Kb3 63. Ra1 Kb2 64.
Rxa2+ Kxa2 65. Kg6 Kb3 66. g5 Kc4 67. Kg7 Kd5 1/2-1/2

[Event "ThEM 2004"]
[Site "Bad Frankenhausen"]
[Date "2004.04.11"]
[Round "7"]
[White "Kraemer, Martin"]
[Black "Siebarth, Raiko"]
[Result "1/2-1/2"]
[WhiteElo "2243"]
[BlackElo "2123"]
[PlyCount "65"]
[EventDate "2004.??.??"]
[EventRounds "9"]
[EventCountry "GER"]

{95MB, K0F2J9} 1. e4 c5 2. Nf3 d6 3. d4 cxd4 4. Nxd4 Nf6 5. Nc3 a6 6. Be3 e5 7.
Nb3 Be7 8. f3 Be6 9. Qd2 O-O 10. O-O-O Qc7 11. g4 Nbd7 12. g5 Nh5 13. Nd5 Bxd5
14. exd5 a5 15. Kb1 a4 16. Nc1 a3 17. b3 g6 18. Bh3 Rfd8 19. Ne2 Bf8 20. Ng3
Nxg3 21. hxg3 Nc5 22. Bf1 Bg7 23. Rh4 e4 24. Bd4 Qe7 25. Bxg7 Kxg7 26. Qd4+ Kg8
27. f4 e3 28. Bd3 e2 29. Re1 Nxd3 30. cxd3 h5 31. gxh6 f6 32. Qe4 Qf7 33. h7+
1/2-1/2